Zvolen hotel Poľana

Zobrazenie: Pohľad na nárožnú poschodovú budovu Hotela Poľana. V popredí je prázdna ulica. Vľavo vidno pred budovou časť zaparkovaného automobilu

Podrobná bibliografia
Ďalší autori: Hajduch, Ján, 1906-1972 (Fotograf)
Médium: Pohľadnica
Jazyk:slovenčina
Fyzický popis:1 pohľadnica čiernobiela 11 x 15 cm
Vydavateľské údaje: [Bratislava] VPL 1964
Predmet:

MARC

LEADER 00000nkm a2200000 a 4500
001 vtls011976426
003 SK-MaSNL
005 20260512124333.0
007 kp bo
008 231120s1964 xo g kuslo
015 |a SNBG1964 
035 |a urn:nbn:sk:snk-km00ehvz 
035 |a urn:nbn:sk:snk-km45xl4 
035 |a 6FFDD852-6653-41BE-80A6-40C953FF22A2 
040 |a SNK  |b slo  |c SNK  |e AACR2 
041 0 |a slo 
043 |a e-xo--- 
044 |a xo  |c SK 
072 7 |a 913  |x Regionálna geografia  |2 konspekt 
080 |a 913(437.6)  |2 2011 
080 |a 640.412  |2 2011 
080 |a (084.121)  |2 2011 
080 |a 711.73  |2 2011 
080 |a 721  |2 2011 
100 1 |a Hajduch, Ján,  |d 1906-1972  |4 pht  |9 98286 
245 1 0 |a Zvolen  |h grafika  |b hotel Poľana  |c foto Ján Hajduch 
260 |a [Bratislava]  |b VPL  |c 1964 
300 |a 1 pohľadnica  |b čiernobiela  |c 11 x 15 cm 
520 8 |a Zobrazenie: Pohľad na nárožnú poschodovú budovu Hotela Poľana. V popredí je prázdna ulica. Vľavo vidno pred budovou časť zaparkovaného automobilu 
610 2 7 |a Hotel Poľana (Zvolen, Slovensko)  |2 SNKKA  |9 198527 
650 0 7 |a hotely  |2 SNKPH  |9 18422 
650 0 7 |a ulice  |2 SNKPH  |9 2938 
650 0 7 |a budovy  |2 SNKPH  |9 1283 
651 7 |a Zvolen (Slovensko)  |2 SNKPHgeo  |9 14595 
655 7 |a miestne pohľadnice  |2 SNKPH  |9 70510 
852 |a Slovenská národná knižnica 
954 |a pohľadnice pôvodné (slovenské)  |2 lita 
958 |a GC 
958 |a GBN 
958 |a OND 
958 |a EUIPO 
999 |c 866643  |d 868573 
952 |a SNK  |b SNK  |y PREZ  |7 0  |p 17A1292938  |o snkSP 52471  |0 0  |1 0  |4 0  |d 2020-06-24  |f 1  |l 0  |r 2026-02-24 05:29:47  |w 2026-02-24